Kursus Metodologi Penilaian dan Applikasinya 8 - 9 Oktober 1988

Bibliographic Details
Format: Book
Subjects:
Online Access:http://app.inspen.gov.my:7779/pls/portal/docs/PAGE/CORPORATEPAGES/PORTAL_INSPEN/NOTA_KURSUS/MANAGEMENT/NO.PDF

MARC

LEADER 00000cam a2200000 7i4500
001 0000006029
005 20071213.0
040 |a INS 
090 0 0 |a M 7 
245 0 0 |a Kursus Metodologi Penilaian dan Applikasinya 8 - 9 Oktober 1988 
650 0 0 |a Pengurusan 
856 |u http://app.inspen.gov.my:7779/pls/portal/docs/PAGE/CORPORATEPAGES/PORTAL_INSPEN/NOTA_KURSUS/MANAGEMENT/NO.PDF 
999 |a M000000012   |b BOOK   |c Course Notes   |e Default branch